01143cam a22002651 45000010005000000030008000050050017000130080039000300350018000690350019000870400038001060410008001440820024001521000032001762450133002082600086003413000027004275040050004546500028005046500046005329420012005789990015005909520136006059520136007415129BD-RjUL20211208234020.0131224t1962 enk 001 0 eng a(BD-RjUL)5165 a(OCoLC)1328336 aDLCcNNHuCdUkdDLCdBD-RjULbeng aeng04216a361.3bPOS 19621 aPollard, Beatrice E.91615110aSocial casework for the state :ba study of the principle of client independence in the matrimonial work of probation officers / aLondon :bPublished by the Pall Mall Press for the Arthur McDougall Fund,cc1962. axiii, 246 p. :c22 cm. aIncludes Bibliographical reference and index. 0aSocial case work915737 0aMarriage counselingzGreat Britain916152 2ddccBK c5129d5129 00102ddc40708NFICaRUCLbRUCLcstackd1966-03-14eZeitlingerg0.00l0o361.3 POS 1962r2013-12-24 00:00:00tC-2w2021-12-08yBK 00102ddc40708NFICaRUCLbRUCLcStackd1966-03-14eZeitlingerg0.00l0o361.3 POS 1962r2016-08-23 00:00:00tC-3w2016-08-23yBK